00986nam a2200217 a 4500003000200000005001700002008004100019050003000060100004100090245015700131260009200288300004000380504004100420650003600461650002800497650003300525650004900558942001400607999001700621952013000638020250527130409.0030602s19uu xx 00 eng d aPGS LB 1050.5b.M196 2001 aMagnaye, Roberta Hannika Asuncion P. aThe reader self-perception scale responses of grade six students of Southville International School SY 2000-2001 /cRoberta Hannika Asuncion P. Magnaye. aLas Piñas City, Philippines : bSouthville International School and Colleges,c2001. a20 pages :billustrations ;c28 cm. aIncludes bibliographical references. aReadingvPsychological aspects. aReading (Elementary).  aSelf-perception in children. aAcademic achievementvPsychological aspects. 2lcccPASS c96481d96481 00102lcc40aLUXbLUXcPASSd2003-06-02eDONATIONl0oPGS LB 1050.5 .M196 2001pP0450r2014-04-08 00:00:00w2014-04-08yPASS